000 02395nam0a2200373 4500
001 RU\NLR\BIBL_A\022169460
005 20240412170823.0
010 _a978-5-16-018376-3
_9500
021 _aRU
_bКН-П-24-006945
_9КН-П-24-0719
035 _a(NLR Aleph) 022169460
090 _a12947540
_c12947540
100 _a20240318d2024 u y0rusy50 ca
101 0 _arus
_aeng
102 _aRU
105 _aa j 000yy
181 0 _ai
_baxxe
182 0 _an
200 1 _aАнглийский язык
_dEnglish
_eтранспортные средства, строительные и дорожные машины
_eучебное пособие
_eдля студентов средних специальных учебных заведений, обучающихся по специальностям 23.02.07 "Техническое обслуживание и ремонт двигателей, систем и агрегатов автомобилей" и 23.02.04 "Техническая эксплуатация подъемно-транспортных, строительных, дорожных машин и оборудования" и изучающих английский язык в рамках учебной дисциплины "Иностранный язык в профессиональной деятельности"
_fЛ. Т. Шариева
_zeng
203 _aТекст
_bвизуальный
_cнепосредственный
210 _aМосква
_cИнфра-М
_d2024 (cop. 2023)
215 _a159 c.
_cил., табл.
_d22
225 1 _aСреднее профессиональное образование
300 _aНа задней сторонке пер. авт.: Шариева Л. Т., преподаватель
300 _aНа тит. с.: Электрон.-библ. система znanium.com
320 _aБиблиогр.: с. 158-159
510 1 _6z11790
_aEnglish
_zeng
606 1 _aАнглийский язык
_xУчебные издания для специалистов по транспорту
_2nlr_sh2
_3RU\NLR\AUTH\661530868
686 1 _aШ143.21-93рус328.76
700 1 _aШариева
_bЛ. Т.
_gЛилия Талгатовна
790 1 _6z11510
_aŠarieva
_bL. T.
_gLilija Talgatovna
942 _cBOOK
980 _aNB